[Event "GCT 2021 Saint Louis - Blitz"]
[Site "Saint Louis"]
[Date "11.08.2021"]
[Round "1R"]
[White "Shankland, Sam"]
[Black "Rapport, Richard"]
[Result "0-1"]
[WhiteTitle ""]
[BlackTitle ""]
[WhiteElo "2709"]
[BlackElo "2763"]
[WhiteFideId "2004887"]
[BlackFideId "738590"]
[EventDate "2021.08.13"]

1. d4 Nf6 2. c4 e6 3. g3 Be7 4. Bg2 d5 5. Nf3 O-O 6. b3 a5 7. O-O a4 8. Ba3 Nc6
9. e3 Ne4 10. Qc1 Bxa3 11. Nxa3 Nb4 12. Rd1 Qe7 13. Nb5 Bd7 14. a3 axb3 15. axb4
Qxb4 16. Rb1 Ra2 17. Ne1 Nxf2 18. Qc3 Qxc4 19. Qxc4 dxc4 20. Nc3 Nxd1 21. Nxa2
Nxe3 22. Nc3 b5 23. Bf3 b4 24. Ne4 Nc2 25. Nc5 Bb5 26. d5 Na3 27. Rb2 exd5 28.
Bxd5 Re8 29. Be4 Re5 30. Rd2 g6 31. Rd5 Rxd5 32. Bxd5 b2 0-1

[Event "GCT 2021 Saint Louis - Rapid"]
[Site "Saint Louis"]
[Date "11.08.2021"]
[Round "1R"]
[White "Dominguez Perez, Leinier"]
[Black "Xiong, Jeffery"]
[Result "1-0"]
[WhiteTitle ""]
[BlackTitle ""]
[WhiteElo "2758"]
[BlackElo "2710"]
[WhiteFideId "3503240"]
[BlackFideId "2047640"]
[EventDate "2021.08.13"]

1. e4 e5 2. Nf3 Nc6 3. Bc4 Nf6 4. d3 Bc5 5. c3 O-O 6. O-O d6 7. Re1 Ne7 8. d4
Bb6 9. a4 c6 10. dxe5 Ng4 11. Rf1 Nxe5 12. Nxe5 dxe5 13. Qxd8 Rxd8 14. a5 Bc7
15. Be3 Bd7 16. Rd1 Bg4 17. Rxd8+ Rxd8 18. Nd2 Nc8 19. f3 Bd7 20. b4 Kf8 21. Kf1
Ke7 22. Ke2 f6 23. Kd1 Be6 24. Bxe6 Kxe6 25. Kc2 g6 26. Nb3 b6 27. axb6 axb6 28.
Ra6 f5 29. Nd2 Kd7 30. Nc4 b5 31. Nd2 Nd6 32. Nb3 Nb7 33. Ra7 Kc8 34. Na5 Nxa5
35. bxa5 fxe4 36. fxe4 Rf8 37. Ra8+ Bb8 38. a6 1-0

[Event "GCT 2021 Saint Louis - Rapid"]
[Site "Saint Louis"]
[Date "11.08.2021"]
[Round "1R"]
[White "So, Wesley"]
[Black "Le, Quang Liem"]
[Result "1/2-1/2"]
[WhiteTitle ""]
[BlackTitle ""]
[WhiteElo "2772"]
[BlackElo "2709"]
[WhiteFideId "5202213"]
[BlackFideId "12401137"]
[EventDate "2021.08.13"]

1. d4 d5 2. c4 e6 3. Nc3 a6 4. cxd5 exd5 5. Nf3 Nf6 6. Bg5 Be6 7. e3 Nbd7 8. Bd3
Bd6 9. O-O c6 10. h3 O-O 11. Qd2 Re8 12. Rae1 h6 13. Bf4 Qc7 14. a3 Rad8 15. Qc1
Nb6 16. Re2 Qc8 17. Ne5 Bf5 18. Bxf5 Qxf5 19. Qd1 Nc4 20. Nxc4 dxc4 21. Bxd6
Rxd6 22. Qa4 b5 23. Qb4 Rde6 24. a4 Ne4 25. Nxe4 Qxe4 26. Qc3 Qd5 27. axb5 axb5
28. Rfe1 c5 29. dxc5 Rg6 30. e4 Qxc5 31. Rd1 b4 32. Qd4 Rc6 33. Qxc5 Rxc5 34.
Rd4 f5 35. e5 c3 36. bxc3 bxc3 37. Rc2 Rexe5 38. Rd3 Kf7 39. Rdxc3 Rxc3 40. Rxc3
Kf6 41. h4 g5 42. hxg5+ hxg5 43. Rc6+ Re6 44. Rc5 Re5 45. Rc6+ Re6 46. Rc5 Re5
47. Rc6+ 1/2-1/2

[Event "GCT 2021 Saint Louis - Rapid"]
[Site "Saint Louis"]
[Date "11.08.2021"]
[Round "1R"]
[White "Caruana, Fabiano"]
[Black "Svidler, Peter"]
[Result "1/2-1/2"]
[WhiteTitle ""]
[BlackTitle ""]
[WhiteElo "2806"]
[BlackElo "2714"]
[WhiteFideId "2020009"]
[BlackFideId "4102142"]
[EventDate "2021.08.13"]

1. d4 Nf6 2. Nf3 g6 3. Nc3 d5 4. Bf4 Bg7 5. e3 O-O 6. Be2 c5 7. dxc5 Nbd7 8.
Nxd5 Nxd5 9. Qxd5 Bxb2 10. O-O Bxa1 11. Rxa1 Qa5 12. Bh6 Qxc5 13. Qb3 Qb6 14.
Bxf8 Kxf8 15. Rd1 Qxb3 16. cxb3 e6 17. Rc1 Ke7 18. Nd4 a6 19. f4 Kd6 20. Bf3 Rb8
21. b4 e5 22. Nb3 f5 23. Kf2 e4 24. Be2 Nf6 25. Rd1+ Ke7 26. a4 Be6 27. Nc5 Nd7
28. Nxe6 Kxe6 29. Bc4+ Ke7 30. a5 Rc8 31. Rd4 Nb8 32. b5 Rc5 33. bxa6 bxa6 34.
Bg8 Nc6 35. Rd2 h6 36. Bh7 g5 37. fxg5 hxg5 38. g4 fxg4 39. Bxe4 Nxa5 40. Ra2
Nc4 41. Bd3 a5 42. Bxc4 Rxc4 43. Rxa5 Kf6 44. Kg3 Re4 45. Ra6+ Kf5 46. Ra5+ Kf6
47. Ra6+ Kf5 48. Ra5+ 1/2-1/2

[Event "GCT 2021 Saint Louis - Rapid"]
[Site "Saint Louis"]
[Date "11.08.2021"]
[Round "2R"]
[White "Rapport, Richard"]
[Black "Nakamura, Hikaru"]
[Result "1/2-1/2"]
[WhiteTitle ""]
[BlackTitle ""]
[WhiteElo "2763"]
[BlackElo "2736"]
[WhiteFideId "738590"]
[BlackFideId "2016192"]
[EventDate "2021.08.13"]

1. d4 Nf6 2. c4 e6 3. Nc3 Bb4 4. Qc2 O-O 5. a3 Bxc3+ 6. Qxc3 d5 7. Bg5 dxc4 8.
Qxc4 b6 9. Rd1 Ba6 10. Qa4 h6 11. Bh4 Qe7 12. Nf3 Rd8 13. e3 Bxf1 14. Rxf1 c5
15. dxc5 Rxd1+ 16. Qxd1 g5 17. Bg3 Qxc5 18. Qd8+ Kg7 19. Be5 Qc1+ 20. Ke2 Qc4+
21. Ke1 Qc1+ 22. Ke2 Qc4+ 23. Ke1 Qc1+ 1/2-1/2

[Event "GCT 2021 Saint Louis - Rapid"]
[Site "Saint Louis"]
[Date "11.08.2021"]
[Round "2R"]
[White "Svidler, Peter"]
[Black "Mamedyarov, Shakhriyar"]
[Result "0-1"]
[WhiteTitle ""]
[BlackTitle ""]
[WhiteElo "2714"]
[BlackElo "2782"]
[WhiteFideId "4102142"]
[BlackFideId "13401319"]
[EventDate "2021.08.13"]

1. e4 e5 2. Nf3 Nf6 3. Nxe5 d6 4. Nf3 Nxe4 5. d4 d5 6. Bd3 Bd6 7. O-O O-O 8. c4
c6 9. Qc2 Na6 10. a3 Bg4 11. Ne5 Bf5 12. b4 c5 13. cxd5 cxd4 14. Bxe4 Rc8 15.
Nc6 Bxe4 16. Qxe4 bxc6 17. dxc6 Qb6 18. Bb2 Rfd8 19. Nd2 Nb8 20. Nf3 Nxc6 21.
Rad1 Re8 22. Qg4 Bf8 23. Nxd4 Ne5 24. Qh3 a5 25. Nf5 Ng6 26. Bd4 Qe6 27. Qf3
axb4 28. axb4 Rb8 29. Bc5 Ne5 30. Qe4 Nc6 31. Qf4 Bxc5 32. bxc5 Qe5 33. Qf3 Qf6
34. Rd6 Ne5 35. Qe4 Ng6 36. Nh6+ Kh8 37. Qxe8+ Rxe8 38. Rxf6 gxf6 39. Nxf7+ Kg8
40. Nh6+ Kf8 41. g3 Ne5 42. Rc1 Rc8 43. Nf5 Nd3 44. Ra1 Rxc5 45. Ra8+ Kf7 46.
Ra7+ Kg6 47. Ne7+ Kg5 48. Ng8 Kg6 49. Ne7+ Kg5 50. Rd7 Rc3 51. Nd5 Rc1+ 52. Kg2
Rc2 53. h4+ Kh6 54. Kg1 0-1

[Event "GCT 2021 Saint Louis - Rapid"]
[Site "Saint Louis"]
[Date "11.08.2021"]
[Round "2R"]
[White "Le, Quang Liem"]
[Black "Caruana, Fabiano"]
[Result "0-1"]
[WhiteTitle ""]
[BlackTitle ""]
[WhiteElo "2709"]
[BlackElo "2806"]
[WhiteFideId "12401137"]
[BlackFideId "2020009"]
[EventDate "2021.08.13"]

1. d4 Nf6 2. Nf3 d5 3. Bf4 e6 4. e3 Bd6 5. Nbd2 c5 6. c3 O-O 7. Bg3 b6 8. Bd3
Ba6 9. Bxa6 Nxa6 10. Qe2 Nb8 11. Ne5 Qc7 12. O-O Nc6 13. f4 Ne7 14. Bh4 Nd7 15.
Rad1 cxd4 16. exd4 Nf5 17. Bf2 Be7 18. Nd3 Nf6 19. Rde1 Rae8 20. g4 Nd6 21. Bg3
Nfe4 22. Kg2 Nxd2 23. Qxd2 Ne4 24. Qd1 Bd6 25. g5 f5 26. gxf6 Rxf6 27. Nf2 Nxf2
28. Rxf2 Bxf4 29. Rxf4 Rxf4 30. Qe2 Qf7 31. Bxf4 Qxf4 32. Rf1 Qd6 33. Qh5 Qe7
34. Qe5 b5 35. Rf3 a6 36. a3 h6 37. h3 Rf8 38. Re3 Kh8 39. Qxe6 Qg5+ 40. Rg3
Qd2+ 41. Kh1 Rf1+ 42. Rg1 Rxg1+ 43. Kxg1 Qc1+ 44. Kg2 Qxb2+ 45. Kg1 Qc1+ 46. Kf2
Qd2+ 47. Kf1 Qxc3 48. Qxd5 Qc4+ 49. Qxc4 bxc4 50. Ke2 g5 51. d5 Kg7 52. Ke3 h5
53. Kd4 g4 54. d6 Kf7 0-1

[Event "GCT 2021 Saint Louis - Rapid"]
[Site "Saint Louis"]
[Date "11.08.2021"]
[Round "2R"]
[White "Shankland, Sam"]
[Black "Dominguez Perez, Leinier"]
[Result "1/2-1/2"]
[WhiteTitle ""]
[BlackTitle ""]
[WhiteElo "2709"]
[BlackElo "2758"]
[WhiteFideId "2004887"]
[BlackFideId "3503240"]
[EventDate "2021.08.13"]

1. d4 d5 2. c4 dxc4 3. Nf3 Nf6 4. e3 e6 5. Bxc4 a6 6. O-O c5 7. e4 b5 8. Be2
Nxe4 9. a4 b4 10. Nbd2 Bb7 11. Nxe4 Bxe4 12. Be3 cxd4 13. Nxd4 Nc6 14. Rc1 Nxd4
15. Bxd4 Bd6 16. g3 O-O 17. Bxg7 Bxg3 18. hxg3 Kxg7 19. Rc4 Qxd1 20. Rxd1 Bd5
21. Rxb4 a5 22. Rg4+ Kf6 23. b4 axb4 24. Rxb4 Rfc8 25. Ra1 Ra5 26. Rb5 Rxb5 27.
Bxb5 h5 28. a5 Kg5 29. a6 h4 30. gxh4+ Kxh4 31. a7 Kg5 32. Kf1 Kf6 33. Ke1 Ke7
34. Kd2 Kd6 35. Kd3 Ra8 36. Kd4 Kc7 37. Bd3 Kb6 38. Be4 Bxe4 39. Kxe4 Rxa7 40.
Rxa7 Kxa7 41. Ke5 Kb6 42. Kf6 Kc5 43. Kxf7 Kd5 44. f4 Ke4 45. Kxe6 Kxf4 1/2-1/2

[Event "GCT 2021 Saint Louis - Rapid"]
[Site "Saint Louis"]
[Date "11.08.2021"]
[Round "3R"]
[White "Dominguez Perez, Leinier"]
[Black "Rapport, Richard"]
[Result "1-0"]
[WhiteTitle ""]
[BlackTitle ""]
[WhiteElo "2758"]
[BlackElo "2763"]
[WhiteFideId "3503240"]
[BlackFideId "738590"]
[EventDate "2021.08.13"]

1. e4 e5 2. Nf3 Nc6 3. Bc4 Bc5 4. c3 Nf6 5. d3 h6 6. O-O d6 7. b4 Bb6 8. Nbd2
O-O 9. Re1 a6 10. a4 Ng4 11. Re2 Ne7 12. d4 Ng6 13. Re1 Qf6 14. Bb2 h5 15. Bf1
c6 16. h3 Nh6 17. a5 Ba7 18. Nc4 Re8 19. Bc1 Nf4 20. Bxf4 exf4 21. e5 dxe5 22.
Nfxe5 g6 23. Qf3 Kg7 24. Nd3 Rxe1 25. Rxe1 g5 26. Qxh5 Bf5 27. Qf3 Rh8 28. Nce5
Bc8 29. h4 g4 30. Qxf4 Qxh4 31. g3 Qh5 32. Bg2 Bb8 33. Qd2 Ng8 34. Nf4 Qh6 35.
Kf1 Nf6 36. Ke2 Nh5 37. Nxh5+ Qxh5 38. Rh1 Qf5 39. Rxh8 Kxh8 40. Qd3 Qe6 41. Qe3
Qa2+ 42. Qd2 Qe6 43. Kf1 Bc7 44. Qg5 Bxe5 45. Qxe5+ Kg8 46. Qxe6 Bxe6 47. Ke2
Kg7 48. Ke3 f5 49. Kf4 Kf6 50. Bf1 Bd7 51. Bd3 Bc8 52. Bc4 Bd7 53. d5 Be8 54.
Bd3 1-0

[Event "GCT 2021 Saint Louis - Rapid"]
[Site "Saint Louis"]
[Date "11.08.2021"]
[Round "3R"]
[White "So, Wesley"]
[Black "Shankland, Sam"]
[Result "1-0"]
[WhiteTitle ""]
[BlackTitle ""]
[WhiteElo "2772"]
[BlackElo "2709"]
[WhiteFideId "5202213"]
[BlackFideId "2004887"]
[EventDate "2021.08.13"]

1. d4 d5 2. c4 c6 3. Nf3 Nf6 4. e3 Bf5 5. Nc3 e6 6. Nh4 Be4 7. f3 Bg6 8. Qb3 Qc7
9. cxd5 cxd5 10. Bd2 Nc6 11. O-O-O a6 12. Nxg6 hxg6 13. Kb1 Nd7 14. Rc1 Be7 15.
Bd3 Rc8 16. Ne2 O-O 17. h4 b5 18. h5 g5 19. Ka1 Nb6 20. Bb1 Nc4 21. Be1 Bf6 22.
Qd3 Rfd8 23. b3 Nd6 24. Bb4 Kf8 25. Bc5 e5 26. Nc3 Ne7 27. Qh7 Ke8 28. Rhe1 Kd7
29. dxe5 Bxe5 30. Bd4 Bxd4 31. exd4 Qa5 32. Kb2 Re8 33. Qxg7 Qb4 34. Bd3 Nc4+
35. Bxc4 bxc4 36. Qxf7 cxb3 37. Qe6+ Kd8 38. a3 Qb8 39. Nxd5 Rxc1 40. Rxc1 Ng8
41. Qxa6 1-0

[Event "GCT 2021 Saint Louis - Rapid"]
[Site "Saint Louis"]
[Date "11.08.2021"]
[Round "3R"]
[White "Caruana, Fabiano"]
[Black "Xiong, Jeffery"]
[Result "1-0"]
[WhiteTitle ""]
[BlackTitle ""]
[WhiteElo "2806"]
[BlackElo "2710"]
[WhiteFideId "2020009"]
[BlackFideId "2047640"]
[EventDate "2021.08.13"]

1. e4 c6 2. Nf3 d5 3. d3 g6 4. e5 Bg7 5. d4 f6 6. h3 Bf5 7. Bd3 Bxd3 8. cxd3 Nd7
9. Qe2 e6 10. O-O Nh6 11. exf6 Qxf6 12. Re1 Nf5 13. Nbd2 O-O 14. Nb3 Rae8 15.
Bd2 e5 16. Bb4 Nd6 17. Nc5 Nxc5 18. dxe5 b6 19. exf6 Rxe2 20. Rxe2 Bxf6 21. d4
Nce4 22. Rc1 c5 23. dxc5 Rc8 24. c6 1-0

[Event "GCT 2021 Saint Louis - Rapid"]
[Site "Saint Louis"]
[Date "11.08.2021"]
[Round "3R"]
[White "Mamedyarov, Shakhriyar"]
[Black "Le, Quang Liem"]
[Result "0-1"]
[WhiteTitle ""]
[BlackTitle ""]
[WhiteElo "2782"]
[BlackElo "2709"]
[WhiteFideId "13401319"]
[BlackFideId "12401137"]
[EventDate "2021.08.13"]

1. e4 e5 2. Nc3 Nf6 3. d4 exd4 4. Qxd4 Nc6 5. Qd3 Bc5 6. Bf4 O-O 7. f3 d5 8.
O-O-O d4 9. Nb1 Be6 10. a3 Qe7 11. Bg5 h6 12. Bh4 Ne5 13. Qd2 Ng6 14. Bg3 Rfd8
15. Bd3 Bb6 16. h4 c5 17. h5 c4 18. hxg6 cxd3 19. Qxd3 Rac8 20. e5 Bc4 21. Qd2
Bb3 22. exf6 Qe3 23. gxf7+ Kxf7 0-1

[Event "GCT 2021 Saint Louis - Rapid"]
[Site "Saint Louis"]
[Date "12.08.2021"]
[Round "4R"]
[White "Dominguez Perez, Leinier"]
[Black "So, Wesley"]
[Result "1/2-1/2"]
[WhiteTitle ""]
[BlackTitle ""]
[WhiteElo "2758"]
[BlackElo "2772"]
[WhiteFideId "3503240"]
[BlackFideId "5202213"]
[EventDate "2021.08.13"]

1. e4 e5 2. Nf3 Nc6 3. Bc4 Bc5 4. c3 Nf6 5. d3 O-O 6. O-O d6 7. Re1 a6 8. a4 h6
9. h3 Re8 10. Nbd2 Be6 11. Bxe6 Rxe6 12. b4 Ba7 13. Qc2 Qd7 14. Rb1 b5 15. Ra1
Ree8 16. Nf1 d5 17. Bd2 Rad8 18. Ng3 Qe6 19. Nf5 Kh8 20. g4 dxe4 21. dxe4 Qc4
22. Qa2 Qxa2 23. Rxa2 Rd3 24. Kg2 h5 25. g5 Ng8 26. axb5 axb5 27. c4 bxc4 28. b5
Nd4 29. N3xd4 Bxd4 30. Rc1 c3 31. Be1 g6 32. Ng3 f6 33. Kf1 Rf3 34. Kg2 Rd3 35.
Kf1 h4 36. Ke2 Rd2+ 37. Bxd2 cxd2 38. Rxc7 hxg3 39. fxg3 fxg5 40. Rxd2 Nf6 41.
b6 Bxb6 42. Rc6 Nxe4 43. Rxb6 Nxd2 44. Kxd2 Kg7 45. Ke3 Ra8 46. Rb7+ Kh6 47. Re7
Ra3+ 48. Kf2 g4 49. hxg4 Ra5 50. Re6 Kg5 51. Kf3 Rb5 52. Kf2 Rb2+ 53. Kf3 Rb3+
54. Kf2 Kxg4 55. Rxg6+ Kf5 56. Ra6 Rb2+ 57. Ke3 Rb3+ 58. Kf2 Ke4 59. Ra4+ Kd3
60. Kf3 Kd2+ 61. Ke4 Re3+ 62. Kf5 Rxg3 63. Kxe5 Rc3 64. Rd4+ Rd3 65. Rxd3+ Kxd3 1/2-1/2

[Event "GCT 2021 Saint Louis - Rapid"]
[Site "Saint Louis"]
[Date "12.08.2021"]
[Round "4R"]
[White "Shankland, Sam"]
[Black "Caruana, Fabiano"]
[Result "1-0"]
[WhiteTitle ""]
[BlackTitle ""]
[WhiteElo "2709"]
[BlackElo "2806"]
[WhiteFideId "2004887"]
[BlackFideId "2020009"]
[EventDate "2021.08.13"]

1. d4 Nf6 2. c4 e6 3. Nc3 Bb4 4. Qc2 c5 5. dxc5 O-O 6. a3 Bxc5 7. Nf3 d5 8. Bg5
Be7 9. e3 h6 10. Bh4 Nc6 11. Rd1 Qa5 12. Bd3 Bd7 13. O-O Rac8 14. cxd5 Nxd5 15.
Nxd5 exd5 16. Bxe7 Nxe7 17. Qd2 Qb6 18. Nd4 Nc6 19. Bb5 Bg4 20. Be2 Bd7 21. Bf3
Be6 22. Qe2 Ne5 23. h3 Rc4 24. Bh5 Bd7 25. Qd2 Rfc8 26. Be2 R4c7 27. Qb4 Qg6 28.
Kh2 Nc4 29. Bxc4 dxc4 30. Ne2 Bc6 31. f3 Qg5 32. Qc3 Re7 33. e4 b5 34. Nd4 Bd7
35. f4 Qc5 36. e5 Ree8 37. Rf3 Rcd8 38. Rg3 Bc8 39. e6 f6 40. f5 Bb7 41. Rg4 g5
42. fxg6 Qe5+ 43. Rg3 h5 44. h4 Be4 45. Qe3 f5 46. Qh6 Qg7 47. Qxh5 Rd5 48. Rg5
Re7 49. Nxf5 Qe5+ 50. Ng3 Qxb2 51. Nxe4 1-0

[Event "GCT 2021 Saint Louis - Rapid"]
[Site "Saint Louis"]
[Date "12.08.2021"]
[Round "4R"]
[White "Xiong, Jeffery"]
[Black "Mamedyarov, Shakhriyar"]
[Result "1/2-1/2"]
[WhiteTitle ""]
[BlackTitle ""]
[WhiteElo "2710"]
[BlackElo "2782"]
[WhiteFideId "2047640"]
[BlackFideId "13401319"]
[EventDate "2021.08.13"]

1. c4 Nf6 2. Nc3 g6 3. d4 d5 4. Nf3 Bg7 5. h4 c6 6. cxd5 cxd5 7. Bf4 Nc6 8. e3
O-O 9. Qb3 b6 10. Be2 Bg4 11. Ne5 Na5 12. Qd1 Bxe2 13. Qxe2 Rc8 14. Qa6 e6 15.
O-O Nh5 16. Bh2 Bxe5 17. Bxe5 Nc4 18. Nb5 Qxh4 19. Nd6 Nxd6 20. Bxd6 Rfd8 21.
Qb7 Qe4 22. Rac1 Rc2 23. Qxa7 Rdc8 24. Rxc2 Qxc2 25. Qxb6 Nf6 26. Qb7 Ne4 27.
Bc5 Re8 28. Qb5 Rc8 29. Qb7 Re8 30. Qb5 Rc8 31. Qb7 1/2-1/2

[Event "GCT 2021 Saint Louis - Rapid"]
[Site "Saint Louis"]
[Date "12.08.2021"]
[Round "4R"]
[White "Rapport, Richard"]
[Black "Svidler, Peter"]
[Result "1/2-1/2"]
[WhiteTitle ""]
[BlackTitle ""]
[WhiteElo "2763"]
[BlackElo "2714"]
[WhiteFideId "738590"]
[BlackFideId "4102142"]
[EventDate "2021.08.13"]

1. c4 e5 2. b3 Nf6 3. Bb2 Nc6 4. Nf3 e4 5. Nd4 Bc5 6. Nf5 O-O 7. e3 d5 8. cxd5
Nb4 9. Ng3 Nbxd5 10. Nc3 Re8 11. Nxd5 Nxd5 12. Bc4 c6 13. O-O Bd6 14. d3 exd3
15. Qxd3 Be6 16. Rad1 Bf8 17. e4 Nf4 18. Qf3 Qc7 19. Nf5 Bxf5 20. exf5 b5 21.
Rd4 bxc4 22. Rxf4 cxb3 23. axb3 Bd6 24. Rh4 Be5 25. Bc1 Qd6 26. Qh5 h6 27. Rg4
Kf8 28. Be3 Rab8 29. b4 Rxb4 30. Rxb4 Qxb4 31. f6 Kg8 32. fxg7 Bxg7 33. Bxh6 Re1
34. Bxg7 Rxf1+ 35. Kxf1 Kxg7 36. Qg5+ Kh7 37. Qf5+ Kg7 38. Qg5+ Kh7 39. Qf5+ Kg7
40. Qg5+ 1/2-1/2

[Event "GCT 2021 Saint Louis - Rapid"]
[Site "Saint Louis"]
[Date "12.08.2021"]
[Round "5R"]
[White "Svidler, Peter"]
[Black "Le, Quang Liem"]
[Result "1-0"]
[WhiteTitle ""]
[BlackTitle ""]
[WhiteElo "2714"]
[BlackElo "2709"]
[WhiteFideId "4102142"]
[BlackFideId "12401137"]
[EventDate "2021.08.13"]

1. e4 e5 2. Bc4 Nf6 3. d3 Nc6 4. Nf3 Bc5 5. O-O h6 6. a4 a5 7. Be3 Bxe3 8. fxe3
O-O 9. Nc3 d6 10. d4 Bg4 11. Qd2 Bh5 12. Qf2 Ng4 13. Qe1 Nb4 14. Bb3 Kh8 15. h3
Nf6 16. dxe5 dxe5 17. Nxe5 Qe7 18. Qg3 Rae8 19. Rf5 Kh7 20. Raf1 Bg6 21. Nxg6
fxg6 22. Rxa5 Nxe4 23. Nxe4 Rxf1+ 24. Kxf1 Qxe4 25. Rc5 Na6 26. Rc4 Qe7 27. c3
Qe6 28. a5 Qf5+ 29. Kg1 Qb1+ 30. Kh2 Qxb2 31. Ba4 c6 32. Bxc6 bxc6 33. Rxc6 g5
34. Qd6 Qc2 35. Rxa6 Rxe3 36. Ra7 Qf5 37. Qd4 Qe5+ 38. Qxe5 Rxe5 39. a6 Rc5 40.
Rb7 Rxc3 41. a7 Ra3 42. Kg1 Kg6 43. Kf2 h5 44. Ke2 h4 45. Kd2 Kf5 46. Rxg7 Ke4
47. Kc2 Kf4 48. Kb2 Ra6 49. Kb3 Ke3 50. Rf7 Kd4 51. Kb4 Ra1 52. Kb5 Kd5 53. Kb6
Kd6 54. Kb7 Rb1+ 55. Kc8 Ra1 56. Kb8 1-0

[Event "GCT 2021 Saint Louis - Rapid"]
[Site "Saint Louis"]
[Date "12.08.2021"]
[Round "5R"]
[White "Mamedyarov, Shakhriyar"]
[Black "Shankland, Sam"]
[Result "0-1"]
[WhiteTitle ""]
[BlackTitle ""]
[WhiteElo "2782"]
[BlackElo "2709"]
[WhiteFideId "13401319"]
[BlackFideId "2004887"]
[EventDate "2021.08.13"]

1. d4 Nf6 2. c4 e6 3. Nf3 d5 4. Nc3 c6 5. e3 Nbd7 6. Qc2 Bd6 7. b3 O-O 8. Be2 b6
9. O-O Bb7 10. Bb2 Qe7 11. Rad1 Rad8 12. e4 dxe4 13. Nxe4 Nxe4 14. Qxe4 f5 15.
Qe3 c5 16. Rfe1 cxd4 17. Nxd4 e5 18. Nb5 Bc5 19. Qg3 f4 20. Qh3 Nf6 21. Nc3
Bxf2+ 22. Kxf2 Bc8 23. Rxd8 Rxd8 24. g4 Rd2 25. Rd1 Bxg4 0-1

[Event "GCT 2021 Saint Louis - Rapid"]
[Site "Saint Louis"]
[Date "12.08.2021"]
[Round "5R"]
[White "So, Wesley"]
[Black "Rapport, Richard"]
[Result "1/2-1/2"]
[WhiteTitle ""]
[BlackTitle ""]
[WhiteElo "2772"]
[BlackElo "2763"]
[WhiteFideId "5202213"]
[BlackFideId "738590"]
[EventDate "2021.08.13"]

1. e4 e5 2. Nf3 Nc6 3. Bc4 Bc5 4. d3 d6 5. O-O h6 6. c3 Bb6 7. Re1 Nge7 8. b4 a6
9. Bb3 O-O 10. Nbd2 Kh8 11. Nc4 Ba7 12. a4 f5 13. Ra2 b5 14. Ne3 f4 15. Nd5 Bg4
16. h3 Bh5 17. axb5 axb5 18. d4 exd4 19. Nxf4 Rxf4 20. Bxf4 Qf8 21. Bh2 dxc3 22.
g4 Bf7 23. Bxf7 Qxf7 24. Rc2 Qc4 25. Qc1 Nd4 26. Rxc3 Ne2+ 27. Rxe2 Qxe2 28. Qe1
Qb2 29. Qd2 Qxb4 30. Rxc7 Qxe4 31. Kg2 Nd5 32. Rf7 b4 33. Bxd6 Rd8 34. Qb2 Bd4
35. Qxd4 Qxd4 36. Nxd4 Rxd6 37. Kf3 Rb6 38. Nb3 Rc6 39. Nd4 Rc4 40. Ke4 Nf6+ 41.
Ke5 Rc3 42. Rb7 Rxh3 43. Kf5 Kh7 44. Rxb4 Rd3 45. f3 Nd5 46. Ra4 Nb6 47. Rb4 Nd5
48. Ra4 Nb6 49. Rb4 Nd5 50. Ra4 1/2-1/2

[Event "GCT 2021 Saint Louis - Rapid"]
[Site "Saint Louis"]
[Date "12.08.2021"]
[Round "5R"]
[White "Caruana, Fabiano"]
[Black "Dominguez Perez, Leinier"]
[Result "1-0"]
[WhiteTitle ""]
[BlackTitle ""]
[WhiteElo "2806"]
[BlackElo "2758"]
[WhiteFideId "2020009"]
[BlackFideId "3503240"]
[EventDate "2021.08.13"]

1. Nf3 Nf6 2. g3 c5 3. Bg2 Nc6 4. O-O e5 5. e4 d6 6. d3 g6 7. c4 Bg7 8. Nc3 O-O
9. a3 Nd4 10. h3 a5 11. Nxd4 exd4 12. Nb5 a4 13. f4 Ne8 14. f5 Bd7 15. b3 axb3
16. Qxb3 Be5 17. Bf4 g5 18. Bxe5 dxe5 19. a4 f6 20. Rfb1 Bc6 21. Qd1 Kh8 22. Kh2
Ra5 23. Qd2 Qa8 24. Qd1 Qd8 25. Bf3 Qe7 26. Qd2 Ra6 27. a5 Rg8 28. g4 Nd6 29.
Nxd6 Qxd6 30. Kg3 Kg7 31. h4 h6 32. Rh1 Raa8 33. Bd1 Qc7 34. Ba4 Rxa5 35. hxg5
hxg5 36. Qh2 Kf8 37. Bxc6 bxc6 38. Qh6+ Kf7 39. Qh7+ Rg7 40. Qh5+ Ke7 41. Qh8
Rf7 42. Rh7 1-0

[Event "GCT 2021 Saint Louis - Rapid"]
[Site "Saint Louis"]
[Date "12.08.2021"]
[Round "6R"]
[White "So, Wesley"]
[Black "Caruana, Fabiano"]
[Result "0-1"]
[WhiteTitle ""]
[BlackTitle ""]
[WhiteElo "2772"]
[BlackElo "2806"]
[WhiteFideId "5202213"]
[BlackFideId "2020009"]
[EventDate "2021.08.13"]

1. e4 e5 2. Nf3 Nc6 3. Bc4 Bc5 4. d3 h6 5. c3 Nf6 6. b4 Be7 7. O-O O-O 8. Re1 d6
9. a4 Nb8 10. Bb3 c6 11. Nbd2 a5 12. b5 Nbd7 13. d4 cxb5 14. axb5 exd4 15. cxd4
Nb6 16. Ba3 a4 17. Bc2 Be6 18. h3 d5 19. e5 Nh5 20. g3 Bxa3 21. Rxa3 Qe7 22.
Ree3 Rfc8 23. Nh4 g6 24. Nf5 gxf5 0-1

[Event "GCT 2021 Saint Louis - Rapid"]
[Site "Saint Louis"]
[Date "12.08.2021"]
[Round "6R"]
[White "Dominguez Perez, Leinier"]
[Black "Mamedyarov, Shakhriyar"]
[Result "0-1"]
[WhiteTitle ""]
[BlackTitle ""]
[WhiteElo "2758"]
[BlackElo "2782"]
[WhiteFideId "3503240"]
[BlackFideId "13401319"]
[EventDate "2021.08.13"]

1. e4 e5 2. Nf3 Nf6 3. Nxe5 d6 4. Nf3 Nxe4 5. d4 d5 6. Bd3 Bd6 7. O-O O-O 8. c4
c6 9. Qb3 dxc4 10. Bxc4 b5 11. Bd3 Nf6 12. Re1 Na6 13. a3 Bg4 14. Bc2 Re8 15.
Ne5 Qc7 16. Qg3 c5 17. Bg5 cxd4 18. Bxf6 Qxc2 19. Qxg4 Qg6 20. Qxg6 hxg6 21.
Bxg7 Kxg7 22. Nf3 Rxe1+ 23. Nxe1 Bf4 24. Nd3 Rc8 25. Kf1 Nc5 26. Nxf4 Nb3 27.
Ra2 Rc1+ 28. Ke2 Rxb1 29. Nd3 a5 30. g4 a4 31. Kf3 Rd1 32. Nb4 d3 0-1

[Event "GCT 2021 Saint Louis - Rapid"]
[Site "Saint Louis"]
[Date "12.08.2021"]
[Round "6R"]
[White "Rapport, Richard"]
[Black "Le, Quang Liem"]
[Result "1/2-1/2"]
[WhiteTitle ""]
[BlackTitle ""]
[WhiteElo "2763"]
[BlackElo "2709"]
[WhiteFideId "738590"]
[BlackFideId "12401137"]
[EventDate "2021.08.13"]

1. Nf3 d5 2. g3 c6 3. Bg2 Bg4 4. c4 e6 5. O-O Nf6 6. d3 dxc4 7. dxc4 Qxd1 8.
Rxd1 Nbd7 9. Bf4 O-O-O 10. Nbd2 Be7 11. h3 Bh5 12. g4 Bg6 13. Nh4 Nc5 14. Nxg6
hxg6 15. Nf3 Rxd1+ 16. Rxd1 Rd8 17. Rc1 Nfd7 18. b4 Ne4 19. c5 f5 20. e3 Bf6 21.
Bf1 Bc3 22. b5 e5 23. Bh2 Rf8 24. bxc6 bxc6 25. Nh4 fxg4 26. Nxg6 Rxf2 27. Bg2
Ndxc5 28. Bxe4 Nxe4 29. Rxc3 Rf6 30. Rxc6+ Rxc6 31. Ne7+ Kd7 32. Nxc6 Kxc6 33.
Bxe5 gxh3 34. Bxg7 Kd5 35. Kh2 Nf2 36. Kg3 Ng4 37. Kxh3 Nxe3 38. Bh8 Kc4 39. Kg3
Nd5 40. Kf3 Nb4 41. a4 Nd3 42. Ke3 a5 43. Bf6 Nc5 44. Bd8 Kb4 45. Bxa5+ Kxa5 46.
Kf3 Nxa4 1/2-1/2